[Event "Voronezh op-B 23rd"]
[Site "Voronezh"]
[Date "2019.06.14"]
[Round "3"]
[White "Polovnikov, Artem"]
[Black "Sushkov, Mikhail"]
[Result "1/2-1/2"]
[WhiteElo "1882"]
[BlackElo "1647"]
[PlyCount "80"]
[EventDate "2019.06.12"]
[EventType "swiss"]
[EventRounds "9"]
[EventCountry "RUS"]
[SourceTitle "EXT 2020"]
[Source "ChessBase"]
[SourceDate "2019.10.17"]
[SourceVersion "1"]
[SourceVersionDate "2019.10.17"]
[SourceQuality "1"]

1. Nf3 Nf6 2. c4 b6 3. g3 Bb7 4. Bg2 e6 5. 0-0 Be7 6. d4 0-0 7. Nbd2 Ne4 8. Qc2 f5 9. b3 Nxd2 10. Bxd2 Bf6 11. Rac1 d6 12. c5 Be4 13. Qc4 Bd5 14. Qd3 Be4 15. Qe3 Re8 16. h4 Nc6 17. Bc3 Ne7 18. Ba1 Nd5 19. Qd2 a5 20. Ng5 Bxg2 21. Kxg2 h6 22. Nh3 Qe7 23. cxb6 cxb6 24. Rc6 Rac8 25. Rxc8 Rxc8 26. a3 Qc7 27. Nf4 Nxf4+ 28. Qxf4 d5 29. Qe3 Kf7 30. Qf3 g6 31. Bb2 h5 32. Qe3 Bg7 33. f3 Qd7 34. Qd3 Rc6 35. g4 Qe7 36. g5 Qc7 37. b4 Rc4 38. f4 a4 39. Rf2 b5 40. Rf1 Qc6 1/2-1/2

[Event "Voronezh op-B 22nd"]
[Site "Voronezh"]
[Date "2018.06.14"]
[Round "3"]
[White "Pokhlebin, Sergej"]
[Black "Sushkov, Mikhail"]
[Result "1-0"]
[WhiteElo "1898"]
[BlackElo "1727"]
[PlyCount "47"]
[EventDate "2018.06.12"]
[EventType "swiss"]
[EventRounds "9"]
[EventCountry "RUS"]
[SourceTitle "CBM 185 Extra"]
[Source "ChessBase"]
[SourceDate "2018.07.29"]
[SourceVersion "1"]
[SourceVersionDate "2018.07.29"]
[SourceQuality "1"]

1. e4 e6 2. d4 d5 3. Nc3 Bb4 4. e5 c5 5. a3 Bxc3+ 6. bxc3 Ne7 7. Qg4 Qc7 8. Bd3 cxd4 9. Ne2 dxc3 10. Qxg7 Rg8 11. Qxh7 Qxe5 12. h4 Rxg2 13. Bg5 Nbc6 14. Kf1 Rxg5 15. hxg5 Qxg5 16. f4 Qg4 17. Kf2 e5 18. Rag1 Qe6 19. Rh6 f6 20. Qh8+ Kd7 21. Rxf6 e4 22. Rxe6 Kxe6 23. Bxe4 dxe4 24. Qh6+ 1-0

[Event "Voronezh op-B 22nd"]
[Site "Voronezh"]
[Date "2018.06.13"]
[Round "2"]
[White "Sushkov, Mikhail"]
[Black "Pokasova, Irina"]
[Result "1-0"]
[WhiteElo "1727"]
[BlackElo "1311"]
[PlyCount "60"]
[EventDate "2018.06.12"]
[EventType "swiss"]
[EventRounds "9"]
[EventCountry "RUS"]
[SourceTitle "CBM 185 Extra"]
[Source "ChessBase"]
[SourceDate "2018.07.29"]
[SourceVersion "1"]
[SourceVersionDate "2018.07.29"]
[SourceQuality "1"]

1. e4 c6 2. Nc3 d5 3. Nf3 Nf6 4. e5 Ne4 5. Nxe4 dxe4 6. Ng5 Qd4 7. f4 exf3 8. Nxf3 Qd8 9. d4 Bg4 10. Be2 e6 11. 0-0 Bxf3 12. Bxf3 Be7 13. Be4 h6 14. Be3 Bg5 15. Bf2 0-0 16. Qg4 Re8 17. h4 f5 18. exf6 Bxf6 19. Be3 g5 20. Qh5 Re7 21. Rxf6 Qe8 22. Qxh6 Rg7 23. Rxe6 Qd7 24. Rf1 Na6 25. hxg5 Nb4 26. Rg6 Re8 27. Rxg7+ Qxg7 28. Qxg7+ Kxg7 29. Rf4 Nxc2 30. Bxc2 Rxe3 1-0

[Event "Voronezh op-B 22nd"]
[Site "Voronezh"]
[Date "2018.06.12"]
[Round "1"]
[White "Kutyanina, Mariya"]
[Black "Sushkov, Mikhail"]
[Result "1-0"]
[WhiteElo "2021"]
[BlackElo "1727"]
[PlyCount "125"]
[EventDate "2018.06.12"]
[EventType "swiss"]
[EventRounds "9"]
[EventCountry "RUS"]
[SourceTitle "CBM 185 Extra"]
[Source "ChessBase"]
[SourceDate "2018.07.29"]
[SourceVersion "1"]
[SourceVersionDate "2018.07.29"]
[SourceQuality "1"]

1. e4 e6 2. d3 d5 3. Nd2 c5 4. g3 Nc6 5. Bg2 Nf6 6. Ngf3 Be7 7. 0-0 0-0 8. Qe2 Re8 9. Re1 Qc7 10. e5 Nd7 11. Nf1 f6 12. Bf4 fxe5 13. Nxe5 Ndxe5 14. Bxe5 Nxe5 15. Qxe5 Qxe5 16. Rxe5 Bd7 17. Rae1 Bf6 18. R5e2 Kf7 19. Bh3 b5 20. Ne3 Bc6 21. c3 d4 22. Ng4 Bd5 23. Ne5+ Bxe5 24. Rxe5 dxc3 25. bxc3 c4 26. d4 a5 27. f4 g6 28. Rb1 b4 29. f5 gxf5 30. Bxf5 exf5 31. Rxd5 Kg6 32. Rc5 Rec8 33. cxb4 axb4 34. Rxb4 Rd8 35. Rcxc4 Rxa2 36. Rb7 Rd6 37. h4 Rd2 38. Rcc7 R2xd4 39. Rg7+ Kf6 40. Rbf7+ Ke6 41. Re7+ Kf6 42. Rxh7 Rd1+ 43. Kf2 R1d2+ 44. Re2 Kg6 45. Rhe7 Rxe2+ 46. Kxe2 Kf6 47. Re3 Ra6 48. Kf3 Ra4 49. Rb3 Rc4 50. Rb6+ Ke5 51. Rb5+ Kf6 52. Rb3 Ra4 53. Rd3 Rb4 54. Ra3 Rc4 55. Ra6+ Ke5 56. h5 Rc3+ 57. Kg2 Rc8 58. Kh3 Rc3 59. h6 Rc7 60. Kh4 Rc4+ 61. Kh5 Rg4 62. Rg6 Ra4 63. h7 1-0